000 00605cam a2200145 4500500
005 20260426010551.0
041 _afre
042 _adc
100 1 0 _aAbel, Olivier
_eauthor
245 0 0 _aOlivier Abel, Le mariage a-t-il encore un avenir ?, (Le temps d’une question), Paris, Bayard, 2005. 18 cm. 165 p. ISBN 2-227-47484-X. € 13
260 _c2005.
500 _a19
786 0 _nÉtudes théologiques et religieuses | 80 | 3 | 2005-09-01 | p. 431t-452t | 0014-2239
856 4 1 _uhttps://shs.cairn.info/revue-etudes-theologiques-et-religieuses-2005-3-page-431t?lang=fr&redirect-ssocas=7080
999 _c2222533
_d2222533